000
00329 a2200145 4500
020
_a
619761976197
082
_a
111
090
_c
5696
_d
5696
110
_a
ICFAI
245
_a
3M's Organizational Culture
_c
ICMR Case Collection
250
_a
HROB 022
260
_a
India
_b
ICFAI
_c
2003
300
_a
5p
942
_a
NBS
_c
BK
_k
111
999
_c
348097
_d
348097